Junie B. double edition! : (Record no. 563)

MARC details
000 -LEADER
fixed length control field 01099cam a22002897a 4500
005 - DATE AND TIME OF LATEST TRANSACTION
control field 20231018153534.0
020 ## - INTERNATIONAL STANDARD BOOK NUMBER
International Standard Book Number 9780375853944
020 ## - INTERNATIONAL STANDARD BOOK NUMBER
International Standard Book Number 0375853944
040 ## - CATALOGING SOURCE
Original cataloging agency DLC
Transcribing agency DLC
Modifying agency DLC
Language of cataloging eng
050 00 - LIBRARY OF CONGRESS CALL NUMBER
Classification number MLCS 2012/44618 (P)
100 1# - MAIN ENTRY--PERSONAL NAME
Personal name Park, Barbara.
245 10 - TITLE STATEMENT
Title Junie B. double edition! :
Remainder of title Junie B., first grader (at last!) ; and Junie B., first grader : toothless wonder /
Statement of responsibility, etc. Barbara Park ; illustrated by Denise Brunkus.
250 ## - EDITION STATEMENT
Edition statement 1st Omnibus ed.
260 ## - PUBLICATION, DISTRIBUTION, ETC.
Place of publication, distribution, etc. New York :
Name of publisher, distributor, etc. Scholastic.
Date of publication, distribution, etc. 2002.
300 ## - PHYSICAL DESCRIPTION
Extent 162 pages :
Other physical details illustrations ;
Dimensions 22 cm.
490 0# - SERIES STATEMENT
Series statement Junie B. Jones
505 0# - FORMATTED CONTENTS NOTE
Formatted contents note H
520 ## - SUMMARY, ETC.
Summary, etc. Junie B. Jones learns some interesting things about the Tooth Fairy when she becomes the first student in Room One to lose an upper tooth.
521 ## - TARGET AUDIENCE NOTE
Target audience note 510 <br/>
Source Lexile
521 ## - TARGET AUDIENCE NOTE
Target audience note H <br/>
Source Raz-Plus
700 1# - ADDED ENTRY--PERSONAL NAME
Personal name Brunkus, Denise,
Relator term illustrator
700 12 - ADDED ENTRY--PERSONAL NAME
Personal name Park, Barbara.
Title of a work Junie B., first grader (at last!)
700 12 - ADDED ENTRY--PERSONAL NAME
Personal name Park, Barbara.
Title of a work Junie B., first grader : toothless wonder.
906 ## - LOCAL DATA ELEMENT F, LDF (RLIN)
a 7
b cbc
c copycat
d 4
e ncip
f 20
g y-gencatlg
942 ## - ADDED ENTRY ELEMENTS (KOHA)
Source of classification or shelving scheme Dewey Decimal Classification
Koha item type Books
Suppress in OPAC No
999 ## -
-- 563
-- 563
Holdings
Withdrawn status Lost status Source of classification or shelving scheme Damaged status Not for loan Collection Home library Current library Shelving location Date acquired Total Checkouts Full call number Barcode Date last seen Date last checked out Price effective from Koha item type
    Dewey Decimal Classification     Juvenile Fiction Footprints International School Library Network Toul Kork Campus Footprints International School Library Network Toul Kork Campus TK Primary Library Room(4th Floor), Bookcase 3&4, Shelves 17-32, Yellow Books 06/16/2023 1 PAR Fic PZ7.P21 FISTK00286 06/10/2024 08/07/2023 06/16/2023 Books